000
00313nam a22001337a 4500
008
180226b xxu||||| |||| 00| 0 eng d
020
_a
2900072378732
041
_a
eng
080
_a
37
100
_a
47
101
_a
EDU
245
_a
Being a writer a community of writers revisited
_c
Elbow,P
942
_2
udc
_c
BK
999
_c
43394
_d
43394